• 首页
  • 本馆介绍
  • 公告通知
  • 最新文献
  • 馆藏检索
  • 电子资源
  • 读者导购
  • 参考咨询
  • 我的图书馆
  • 登录
  • 详细信息显示
  • 放入我的书架
  • 预约/预借图书
  • 作者相关作品
  • 分类相关作品
  • 丛书相关作品
  • 出版社相关作品

书目信息

  • 表格格式
  • 工作单格式
  • 卡片格式
题名:
理解与批判
    
 
作者: 周宏 著
分册:  
出版信息: 上海   上海三联书店  2003
页数: 378页
开本: 20cm
丛书名: 上海三联学术文库
单 册:
中图分类: A811.63
科图分类:
主题词: 马克思主义--社会意识形态--研究
电子资源:
ISBN: 7-5426-1783-4
000 00983oam2 2200265 45
001 002464019
005 20050531090358.3
010    @a7-5426-1783-4@dCNY25.00
100    @a20030928d2003 em y0chiy0110 ea
101 0  @achi
102    @aCN@b310000
105    @ay z 000yy
200 1  @a理解与批判@Ali jie yu pi pan@e马克思意识形态理论的文本学研究@f周宏著@FZhou Hong Zhu
210    @a上海@c上海三联书店@d2003
215    @a378页@d20cm
225 2  @a上海三联学术文库
300    @a上海市新闻出版局学术著作出版基金资助出版
330    @a本书的基本目的是尽可能真实地展示马克思理解意识形态的本意,探析马克思在其具体的历史条件、实践基础和理论背景下所创建的意识形态理论的基本内容。
410    @12001 @a上海三联学术文库
517 1  @a马克思意识形态理论的文本学研究@Ama ke si yi shi xing tai li lun de wen ben xue yan jiu
606 0  @a马克思主义@x社会意识形态@x研究
690    @aA811.63@v4
701  0 @a周宏@4著
801  0 @aCN@bNLC@c20031229
905    @f5@b354527-531@dA811.63@e175
    
    理解与批判:马克思意识形态理论的文本学研究/周宏著.-上海:上海三联书店,2003
    378页;20cm.-(上海三联学术文库)
    上海市新闻出版局学术著作出版基金资助出版
    
    ISBN 7-5426-1783-4:CNY25.00
    本书的基本目的是尽可能真实地展示马克思理解意识形态的本意,探析马克思在其具体的历史条件、实践基础和理论背景下所创建的意识形态理论的基本内容。
●
相关链接 在E读中查询图书 在五车中查询图书 在当当中查询图书 在豆瓣中查询图书


正题名:理解与批判     索取号:A811.63/175         预约/预借

序号 登录号 条形码 馆藏地/架位号 状态 备注
1 0354527   3545275   第一样本阅览室/ [索取号:A811.63/175] 在馆    
2 0354528   3545284   第一借阅区/ [索取号:A811.63/175] 在馆    
3 0354529   3545293   第一借阅区/ [索取号:A811.63/175] 在馆    
4 0354530   3545300   第一借阅区/ [索取号:A811.63/175] 在馆    
5 0354531   3545319   第一借阅区/ [索取号:A811.63/175] 在馆    
唐山师范学院图书馆 欢迎您!
大连网信软件有限公司© 版权所有